01154nam a22002417a 4500003000800000008004100008037000800049039004400057040003500101041000800136080001000144100003100154245020800185260007000393300002300463500015300486650004700639655002300686700003700709942001300746999001700759952013600776BI-BuBU260416b2025 bd fr|||| 000 0 fre d bdon a20260416092520.0bJoëlla Nshimirimana aBI-BuBUbfrecBI-BuBUdBI-BuBU0 afre a519.21 4aut.aNsabiyumva, Desiré10aCompararaison de la puissance du test statistique de la moyenne studentisée sous les approximations pour la loi normale standard et la loi de student c Desiré Nsabiyumva ; Menus Nkurunziza,directeur aBujumburabUniversiité du Burundi, Faculté des Sciencesc2025 aXIII-33 f.c30 cm. aMémoire présenté et défendu publiquement en vue de l'obtention du diplôme de master en Sciences Mathématiques Fondamentales Appliquées 72BI-BuBUaStatistique moyenne studentisée 72BI-BuBUamémoire 4dir.a Nkurunziza , Menus987522 2udccMEM c53759d53759 00102udc4071985601aBCbBCd2026-04-16edon de l'auteurl0oR.519.2 NSA.p5010000672560r2026-04-16t1w2026-04-16yMEMi242170